Formel 1 Saison 2025 - Top 5 - Statistiken

Allgemein
  • Dieses Quiz wurde 95 mal gespielt
    30 seit der letzten Aktualisierung
  • Das Durchschnittsergebnis liegt bei 119 aus 120
Antwortstatistiken
Hint Antwort % Korrekt
2. | 3. | 4. | 5. Andrea Kimi Antonelli
100%
2. | 3. | 4. | 5. Charles Leclerc
100%
1. | 2. | 3. | +2 others George Russell
100%
1. | 2. | 3. | 4. Lando Norris
100%
4. | 5. Lewis Hamilton
100%
5. Liam Lawson
100%
1. | 2. | 3. | +2 others Max Verstappen
100%
3. | 5. Nico Hülkenberg
100%
1. | 2. | 3. | +2 others Oscar Piastri
100%
3. | 5. Carlos Sainz
93%
5. Fernando Alonso
93%
5. Alexander Albon
87%
5. Esteban Ocon
87%
3. Isack Hadjar
87%
4. Oliver Bearman
87%
Keine übereinstimmenden Quizze gefunden
Verteilung der Resultate
Anzahl Personen mit jedem Resultat
Perzentil nach korrekt beantworteten Fragen
Ihre Resultats-Entwicklung
Sie haben dieses Quiz seit der letzten Aktualisierung nicht gespielt